000 00631nam a2200193 i 4500
001 21821
003 ES-MaACL
005 20240418063101.0
007 t|
008 021128s1885 sp ||||1| spa d
100 1 _aAlarcón, Pedro Antonio de,
_d1833-1891
_919134
245 1 0 _aPoesías serias y humorísticas /
_cde Pedro A. de Alarcón.
250 _a3ª ed.
260 _aMadrid :
_b[s.n.,
_c1885] (
_fImp. de A. Pérez Dubrull)
300 _a398 p. ;
_c18 cm.
505 8 _aContiene: Poesías serias. Poesías humorísticas. El hijo pródigo (drama)
852 _aES-MaACL
_jB-3118
999 _c21821
_d21821